| 000 | 01065pam a2200349 a 4500 | ||
|---|---|---|---|
| 001 | 1992 | ||
| 003 | FISKH | ||
| 005 | 20250127110726.0 | ||
| 008 | 891229r19901989caua j 000 1 eng | ||
| 010 | _a 89078475 | ||
| 020 | _a0152004718 : | ||
| 020 | _a9780152380113 | ||
| 040 |
_aDLC _cDLC _dDLC _beng |
||
| 042 | _alcac | ||
| 050 | 0 | 0 |
_aPZ8.3.M1569 _bIaw 1990 |
| 082 | 0 | 0 |
_a829.3 _220 |
| 100 | 1 |
_aWilliams, Sue, _d1948- |
|
| 245 | 1 | 0 |
_aI went walking / _cwritten by Sue Williams ; illustrated by Julie Vivas. |
| 260 |
_aNew York : _bVoyager, _c1989. |
||
| 300 |
_a32 pages : _bcolor illustrations ; _c26 x 27 cm |
||
| 505 | _aE | ||
| 520 | _aDuring the course of a walk, a young boy identifies animals of different colors. | ||
| 521 | 8 |
_a260
_bLexile NP |
|
| 521 | 8 |
_aE
_bRaz-Plus |
|
| 650 | 1 |
_aWalking _xFiction. |
|
| 650 | 1 |
_aColor _xFiction. |
|
| 650 | 1 |
_aAnimals _xFiction. |
|
| 650 | 1 | _aStories in rhyme. | |
| 700 | 1 |
_aVivas, Julie, _d1947- _eillustrator |
|
| 906 |
_a7 _bcbc _corignew _d1 _eopcn _f19 _gy-gencatlg |
||
| 942 |
_2ddc _cBK _n0 |
||
| 999 |
_c1992 _d1992 |
||